[Event "Bodensee op"]
[Site "Bregenz"]
[Date "2023.05.16"]
[Round "4"]
[White "Bezemer, Arno J"]
[Black "Walch, Fabian"]
[Result "1-0"]
[WhiteElo "2206"]
[BlackElo "1691"]
[PlyCount "51"]
[EventDate "2023.05.13"]
[EventType "swiss"]
[EventRounds "9"]
[EventCountry "AUT"]
[SourceTitle "CBM 215 Extra"]
[Source "ChessBase"]
[SourceDate "2023.09.30"]
[SourceVersion "1"]
[SourceVersionDate "2023.09.30"]
[SourceQuality "1"]

1. d4 d5 2. c4 e6 3. Nc3 Nf6 4. Nf3 c5 5. e3 Nc6 6. a3 cxd4 7. exd4 a6 8. c5 Ne4 9. Qc2 Qa5 10. Rb1 Nxc3 11. b4 Qc7 12. Qxc3 b5 13. g3 Be7 14. Bf4 Qb7 15. Bd3 h6 16. h4 Bd7 17. h5 a5 18. 0-0 a4 19. Qd2 Bf6 20. Qe3 0-0-0 21. Rfd1 Rdg8 22. Rbc1 g5 23. hxg6 fxg6 24. Qe2 Nxd4 25. Nxd4 Bxd4 26. c6 1-0